<?xml version="1.0" encoding="UTF-8"?>
<record
    xmlns:xsi="http://www.w3.org/2001/XMLSchema-instance"
    xsi:schemaLocation="http://www.loc.gov/MARC21/slim http://www.loc.gov/standards/marcxml/schema/MARC21slim.xsd"
    xmlns="http://www.loc.gov/MARC21/slim">

  <leader>03691nam a2200433 a 4500</leader>
  <controlfield tag="001">dia_719</controlfield>
  <controlfield tag="003">CHAP</controlfield>
  <controlfield tag="005">20250930100212.0</controlfield>
  <controlfield tag="007">ta</controlfield>
  <controlfield tag="008">220117s1994    mx ad  f m   a001 0 spa d</controlfield>
  <datafield tag="010" ind1=" " ind2=" ">
    <subfield code="a">171268</subfield>
  </datafield>
  <datafield tag="040" ind1=" " ind2=" ">
    <subfield code="a">mxchpua</subfield>
    <subfield code="c">CHAP</subfield>
  </datafield>
  <datafield tag="041" ind1="0" ind2=" ">
    <subfield code="a">spa</subfield>
    <subfield code="b">eng</subfield>
  </datafield>
  <datafield tag="090" ind1=" " ind2=" ">
    <subfield code="a">Tesis</subfield>
    <subfield code="b">P47</subfield>
    <subfield code="c">1994</subfield>
  </datafield>
  <datafield tag="100" ind1="1" ind2=" ">
    <subfield code="a">Peralta Rodr&#xED;guez, David</subfield>
  </datafield>
  <datafield tag="245" ind1="1" ind2="0">
    <subfield code="a">Desarrollo y caracterizaci&#xF3;n de un pastel c&#xE1;rnico elaborado con carne de cerdo y uno de pavo bajo en colesterol / </subfield>
    <subfield code="c">David Peralta Rodr&#xED;guez</subfield>
  </datafield>
  <datafield tag="264" ind1=" " ind2=" ">
    <subfield code="a">Chapingo, M&#xE9;xico :</subfield>
    <subfield code="b">El autor,</subfield>
    <subfield code="c">1994</subfield>
  </datafield>
  <datafield tag="300" ind1=" " ind2=" ">
    <subfield code="a">v, 95 hojas :</subfield>
    <subfield code="b">ilustraciones, tablas, gr&#xE1;ficas</subfield>
  </datafield>
  <datafield tag="336" ind1=" " ind2=" ">
    <subfield code="2">rdacontent</subfield>
    <subfield code="a">texto</subfield>
    <subfield code="b">txt</subfield>
  </datafield>
  <datafield tag="337" ind1=" " ind2=" ">
    <subfield code="2">rdamedia</subfield>
    <subfield code="a">no mediado</subfield>
    <subfield code="b">n</subfield>
  </datafield>
  <datafield tag="338" ind1=" " ind2=" ">
    <subfield code="2">rdacarrier</subfield>
    <subfield code="a">volumen</subfield>
    <subfield code="b">nc</subfield>
  </datafield>
  <datafield tag="502" ind1=" " ind2=" ">
    <subfield code="a">Tesis</subfield>
    <subfield code="b">(Ingeniero Agroindustrial) --</subfield>
    <subfield code="c">UACh. Departamento de Ingenier&#xED;a Agroindustrial,</subfield>
    <subfield code="d">1994</subfield>
  </datafield>
  <datafield tag="504" ind1=" " ind2=" ">
    <subfield code="a">Bibliograf&#xED;a: hojas 91-94</subfield>
  </datafield>
  <datafield tag="520" ind1="3" ind2=" ">
    <subfield code="a">En los &#xFA;ltimos a&#xF1;os se a observado la aparici&#xF3;n en el mercado nacional de numerosos alimentos importados, entre embutidos, cuyo contenido en grasas saturadas y colesterol son m&#xE1;s apropiados para personas con restricciones diet&#xE9;ticas. El objetivo de este trabajo fue el desarrollo de un pastel c&#xE1;rnico elaborado con carne y lardo de cerdo y el de uno bajo en colesterol a partir de carne de pavo y grasa de soya. Debido aque la textura de los alimentos est&#xE1; relacionada directamente con su composici&#xF3;n, tambi&#xE9;n se realiz&#xF3; su caracterizaci&#xF3;n reol&#xF3;gica, mediante un viscoelast&#xF3;metro de placas paralelas.La composici&#xF3;n bromatol&#xF3;gica y calidad microbiol&#xF3;gica de los productos desarrollados, fueron similares y estuvieron acord&#xE9;  con la Norma Oficial que los rige. Los resultados de evaluaci&#xF3;n sensorial de textura, presentaron relaci&#xF3;n directa con los  obtenidos en la determinaci&#xF3;n instrumental. Ambas pruebas indicaron menor firmeza en el pastel c&#xE1;rnico de pavo Y grasas vegetal. Tambi&#xE9;n se observ&#xF3; una mayor resistencia a la decoraci&#xF3;n por el producto a base de carne de cerdo. El pastel c&#xE1;rnico elaborado con pavo present&#xF3; una reducci&#xF3;n de 62.4% en colesterol, con respecto al cerdo, adem&#xE1;s el costo de su materia prima fue menor (8.42%), en cambio el rendimiento fue mayor en 1.3%.</subfield>
  </datafield>
  <datafield tag="520" ind1="3" ind2=" ">
    <subfield code="a">In the last years, it have been observed the appearence in the mexican market of several imported meals, the sausages ar&#xE9;  included in then. They contain satured fats and cholesterol in nevels recomended to people with diet restriccions.The objetive of this work was the development of two meat cakes. The first one made with lard and pork meat, and the second one made with soy beans fats and turkey meat, the last meat cake had low cholesterol level. Due to the fact that meal texture is directly related with its composition, it was carried a andr eologic characterization. using a  paralell plate viscoelastometer. The bromatologic composition and microbiologic quality of the developed products were according whit the regent official norm.the results of the sensorial evaluation of texture showed a direct relationship with thoseobtained in the imstrumental evaluation .</subfield>
  </datafield>
  <datafield tag="650" ind1="1" ind2="3">
    <subfield code="a">Productos c&#xE1;rnicos  </subfield>
    <subfield code="2">atg</subfield>
  </datafield>
  <datafield tag="650" ind1="1" ind2="3">
    <subfield code="a">Carne de pavo  </subfield>
    <subfield code="2">atg</subfield>
  </datafield>
  <datafield tag="650" ind1="1" ind2="3">
    <subfield code="a">Carne de cerdo</subfield>
    <subfield code="2">atg</subfield>
  </datafield>
  <datafield tag="650" ind1="1" ind2="3">
    <subfield code="a">Meat products  </subfield>
    <subfield code="2">atg</subfield>
  </datafield>
  <datafield tag="650" ind1="1" ind2="3">
    <subfield code="a">Turkey meat  </subfield>
    <subfield code="2">atg</subfield>
  </datafield>
  <datafield tag="650" ind1="1" ind2="3">
    <subfield code="a">Pork  </subfield>
    <subfield code="2">atg</subfield>
  </datafield>
  <datafield tag="700" ind1="1" ind2=" ">
    <subfield code="a">Lobato Calleros, Consuelo Silvia Olivia</subfield>
    <subfield code="e">directora</subfield>
  </datafield>
  <datafield tag="700" ind1="1" ind2=" ">
    <subfield code="a">Santos Moreno, Armando</subfield>
    <subfield code="e">asesor</subfield>
  </datafield>
  <datafield tag="700" ind1="1" ind2=" ">
    <subfield code="a">Mejenes Quijano, Amilcar Ren&#xE1;n</subfield>
    <subfield code="e">asesor</subfield>
  </datafield>
  <datafield tag="901" ind1=" " ind2=" ">
    <subfield code="a">TESIS P47 1994</subfield>
  </datafield>
  <datafield tag="902" ind1=" " ind2=" ">
    <subfield code="a">M</subfield>
  </datafield>
  <datafield tag="905" ind1=" " ind2=" ">
    <subfield code="a">0000001994                          mx     0000000000spa00</subfield>
  </datafield>
  <datafield tag="942" ind1=" " ind2=" ">
    <subfield code="c">TESIS</subfield>
    <subfield code="2">Clasificaci&#xF3;n Universidad Aut&#xF3;noma Chapingo</subfield>
  </datafield>
  <datafield tag="999" ind1=" " ind2=" ">
    <subfield code="c">171268</subfield>
    <subfield code="d">171268</subfield>
  </datafield>
  <datafield tag="952" ind1=" " ind2=" ">
    <subfield code="0">0</subfield>
    <subfield code="1">0</subfield>
    <subfield code="2">local</subfield>
    <subfield code="4">0</subfield>
    <subfield code="5">1</subfield>
    <subfield code="7">0</subfield>
    <subfield code="8">TESIS</subfield>
    <subfield code="a">IA_</subfield>
    <subfield code="b">IA_</subfield>
    <subfield code="d">2023-01-16</subfield>
    <subfield code="e">El autor</subfield>
    <subfield code="l">0</subfield>
    <subfield code="o">Tesis P47 1994</subfield>
    <subfield code="p">1101013677</subfield>
    <subfield code="r">2026-02-02 00:00:00</subfield>
    <subfield code="t">Ej.1</subfield>
    <subfield code="w">2023-01-16</subfield>
    <subfield code="y">TESIS</subfield>
  </datafield>
  <datafield tag="952" ind1=" " ind2=" ">
    <subfield code="0">0</subfield>
    <subfield code="1">0</subfield>
    <subfield code="2">local</subfield>
    <subfield code="4">0</subfield>
    <subfield code="5">5</subfield>
    <subfield code="7">0</subfield>
    <subfield code="8">TESIS</subfield>
    <subfield code="a">IA_</subfield>
    <subfield code="b">IA_</subfield>
    <subfield code="d">2023-01-16</subfield>
    <subfield code="e">El autor</subfield>
    <subfield code="l">0</subfield>
    <subfield code="o">Tesis P47 1994</subfield>
    <subfield code="p">1101016086</subfield>
    <subfield code="r">2026-02-02 00:00:00</subfield>
    <subfield code="t">Ej.2</subfield>
    <subfield code="w">2023-01-16</subfield>
    <subfield code="y">TESIS</subfield>
  </datafield>
</record>
